Statistics for EVERY Undertaker WWE PPV Opponent

Click here to take the quiz!

General Stats

  • This quiz has been taken 295 times
  • The average score is 191 of 245

Answer Stats

HintAnswer% Correct
Survivor Series 1995Isaac Yankem
98%
Bragging Rights 2010 | Breakdown: In Your House | Capital Carnage | +11 othersKane
98%
Crown Jewel 2018 | In Your House 17: Ground Zero | In Your House: Badd Blood | +6 othersShawn Michaels
98%
Survivor Series 1995Hunter Hearst Helmsley
97%
Armageddon 2000 | Backlash 2001 | Crown Jewel 2018 | +10 othersTriple H
97%
Hell In A Cell 2015 | No Mercy 2002 | No Mercy 2003 | +4 othersBrock Lesnar
94%
Armageddon 2007 | Backlash 2008 | Judgment Day 2008 | +5 othersEdge
94%
Royal Rumble 1992 (Eliminated By) | Survivor Series 1991 | This Tuesday In Texas 1991Hulk Hogan
94%
Armageddon 2000 | Backlash 2001 | Backlash 2002 | +13 othersSteve Austin
94%
Armageddon 2000 | King Of The Ring 1999 | No Way Out 2002 | +3 othersThe Rock
94%
No Way Out 2007 | Vengeance 2003 | WrestleMania 34John Cena
93%
Royal Rumble 2017 (Eliminated By) | WrestleMania 33Roman Reigns
93%
Extreme Rules 2019 | King Of The Ring 2000 | Survivor Series 2001 | WrestleMania 32Shane McMahon
91%
Cyber Sunday 2008 | Great American Bash 2006 | No Mercy 2008 | +6 othersThe Big Show
91%
Armageddon 2000 | Fully Loaded 2000 | No Way Out 2006 | +3 othersKurt Angle
90%
Capital Carnage | Fully Loaded 1998 | In Your House 11: Buried Alive | +5 othersMankind
89%
Armageddon 2005 | No Mercy 2005 | Summerslam 2005 | WrestleMania 21Randy Orton
89%
Super Showdown 2020 | WrestleMania 36 Night 1AJ Styles
88%
In Your House 13: Final Four | One Night Only 1997 | Royal Rumble 1996 | +2 othersBret Hart
88%
Armageddon 2007 | Backlash 2007 | Bragging Rights 2009 | +5 othersBatista
87%
King Of The Ring 2000 | Survivor Series 2003Vince McMahon
87%
Elimination Chamber 2010 | Survivor Series 2009Chris Jericho
86%
Judgment Day 2002Hollywood Hulk Hogan
86%
Bragging Rights 2009 | Breaking Point 2009 | Elimination Chamber 2010 | +2 othersCM Punk
84%
Super Showdown 2019Goldberg
84%
Unforgiven 2007 | WrestleMania 22Mark Henry
84%
No Mercy 2005Bob Orton
83%
Survivor Series 2015 | WrestleMania 31Bray Wyatt
83%
WrestleMania X8Ric Flair
83%
Armageddon 2004 | Invasion 2001 | Judgment Day 2004 | +2 othersBooker T
81%
No Way Out 2009Jeff Hardy
80%
No Way Out 2001Christian
78%
WrestleMania XIIDiesel
78%
Royal Rumble 1993 (Eliminated By) | Summerslam 1993 | WrestleMania IXGiant Gonzalez
78%
No Way Out 2005Luther Reigns
77%
Rebellion 2000 | Unforgiven 2000Chris Benoit
75%
Bragging Rights 2009 | Elimination Chamber 2010 | Royal Rumble 2010Rey Mysterio
75%
Armageddon 2004Eddie Guerrero
74%
Armageddon 2004 | No Mercy 2004 | Summerslam 2004John Bradshaw Layfield
74%
WrestleMania XVBig Bossman
73%
Royal Rumble 1994 | Survivor Series 1993 | Survivor Series 1994Yokozuna
73%
Judgment Day 2006 | No Way Out 2008The Great Khali
71%
WrestleMania VIIJimmy Snuka
70%
WrestleMania VIIIJake Roberts
69%
WrestleMania 13Sycho Sid
68%
Great American Bash 2004 | Invasion 2001 | No Way Out 2001Bubba Ray Dudley
67%
Great American Bash 2004 | Invasion 2001 | No Way Out 2001D-Von Dudley
67%
Summerslam 2003 | WrestleMania XIXA-Train
66%
Survivor Series 2015Luke Harper
66%
Armageddon 2000 | Royal Rumble 2001 (Eliminated By)Rikishi
66%
Survivor Series 2001 | Vengeance 2001Rob Van Dam
66%
In Your House 5 | Survivor Series 1995King Mabel
64%
King Of The Ring 1995Mabel
64%
Extreme Rules 2019Drew McIntyre
62%
WrestleMania XIKing Kong Bundy
62%
No Way Out 2008Big Daddy V
60%
Summerslam 1999X-Pac
60%
Survivor Series 1990Dusty Rhodes
59%
Super Showdown 2020Bobby Lashley
58%
In Your House 10: Mind Games | In Your House 8: Beware of Dog | In Your House 9: International IncidentGoldust
57%
Royal Rumble 2002 (Eliminated By)Maven
55%
No Way Out 2008MVP
55%
Summerslam 2002Test
54%
Greatest Royal RumbleRusev
53%
In Your House 13: Final Four | In Your House 16: Canadian Stampede | Royal Rumble 1997Vader
52%
Invasion 2001 | King Of The Ring 2001 | Summmerslam 2001Diamond Dallas Page
51%
Survivor Series 1990Jim Neidhart
50%
Armageddon 2006 | No Mercy 2006 | Survivor Series 2006Mr. Kennedy
50%
Super Showdown 2020Erick Rowan
48%
Summerslam 1994"The Undertaker"
46%
No Way Out 2008Finlay
45%
Elimination Chamber 2010John Morrison
45%
Elimination Chamber 2010 | Super Showdown 2020R-Truth
42%
King Of The Ring 1997Faarooq
41%
Backlash 1999Ken Shamrock
41%
Summerslam 1995Kama
38%
Invasion 2001Rhyno
38%
Royal Rumble 2005 | Survivor Series 2004Heidenreich
37%
Royal Rumble 1991 (Eliminated By)Road Warrior Animal
37%
Royal Rumble 1991 (Eliminated By)Road Warrior Hawk
36%
Survivor Series 1995Jerry Lawler
35%
In Your House: D-Generation XJeff Jarrett
34%
Summerslam 1992 | Survivor Series 1992Kamala
34%
Survivor Series 1990Koko B. Ware
34%
No Way Out 2009Vladimir Kozlov
32%
Summmerslam 2001Chris Kanyon
31%
Great American Bash 2005Muhammad Hassan
31%
Survivor Series 1993Crush
29%
Royal Rumble 1995Irwin R. Schyster
28%
Super Showdown 2020Andrade
19%
Unforgiven 2001Brian Adams
19%
Survivor Series 1993Ludvig Borga
18%
Unforgiven 2001Bryan Clark
17%
Survivor Series 1993Jacques Rougeau
13%
In Your House 12: It's TimeThe Executioner
13%

Score Distribution

Percentile by Number Answered

Percent of People with Each Score

Your Score History

You have not taken this quiz